TRAUMATIC DENTAL INJURIES: A MANUAL (Record no. 9889)

MARC details
000 -LEADER
fixed length control field 00348nam a22001577a 4500
003 - CONTROL NUMBER IDENTIFIER
control field SGT
020 ## - INTERNATIONAL STANDARD BOOK NUMBER
International Standard Book Number 978-1-4051-9061
082 ## - DEWEY DECIMAL CLASSIFICATION NUMBER
Classification number 617.525,T11A
100 ## - MAIN ENTRY--PERSONAL NAME
Personal name ANDREASEN.J.O
245 ## - TITLE STATEMENT
Title TRAUMATIC DENTAL INJURIES: A MANUAL
250 ## - EDITION STATEMENT
Edition statement 3RD
260 ## - PUBLICATION, DISTRIBUTION, ETC. (IMPRINT)
Place of publication, distribution, etc U.K
Name of publisher, distributor, etc WILEY-BLACKWELL
Year of Publication 2011
300 ## - PAGE DESCRIPTION
No. of Pages 100
650 ## - SUBJECT ADDED ENTRY--TOPICAL TERM
Topical term or geographic name as entry element ORAL SURGERY
942 ## - ADDED ENTRY ELEMENTS (KOHA)
Source of classification or shelving scheme Dewey Decimal Classification
Koha item type Books
Holdings
Withdrawn status Lost status Source of classification or shelving scheme Damaged status Not for loan Home library Current library Shelving location Date acquired Vendor Name Cost, normal purchase price SGTU Bill Number Total Checkouts Full call number Accession No. (Barcode) Date last seen Bill Date Koha item type
    Dewey Decimal Classification     SGT Dental Library SGT Dental Library Reference Book 09/09/2016 ABC 4665.00 SGTU 6923   617.525,T11A FD7423 09/09/2016   Books